000 00336 a2200157 4500
001 180699
020 _a
040 _cMagnum
100 _aAlbergaria, Lino de
240 1 0 _aHistorias espelhadas
_lpor
245 1 0 _aHistorias espelhadas
362 0 _a1899
440 1 _aMelhoramentos
697 _aMAGNITO: IJ/GERAL
942 _cBK
999 _c180699
_d180699